000 00755nas a2200265 4500
001 BR9607095
003 BR-BrBNA
005 20231205095937.0
007 ta
008 230509b bl.|||p| |||| 00| 00por d
040 _aBR-BrBNA
_bpor
_cBiblioteca Nacional de Agricultura
041 _a(Pt)
072 _aL73
100 1 _aLilenbaum, W.
245 1 _aAtualizacao em leptospiroses bovinas
650 _aBovino
650 _aLeptospirose
650 _aEpidemia
650 _aProfilaxia
650 _aControle Integrado
650 _aImunizacao
773 0 _tRevista Brasileira de Medicina Veterinaria (Brazil)
_xISSN 0100-2430
_g(Jan-Feb 1996), v. 18(1) p. 9-13
_wBR9607095
909 _a202311
_bLúcia
_c55
_dLúcia Elande
942 _2AGRIS
_n0
_cANA
999 _c153584
_d153584